000 00363nam a2200145Ia 4500
008 150201s2006 xx 000 0 und d
082 _a403
_bI2006O
100 _aOXFORD
245 _aILLUSTRATED OXFORD DICTIONARY
250 _a1ST
260 _bOXFORD UNIVERSITY PRESS
_aLONDON(U.K)
_c2006
300 _a1-1008
650 _aGENERAL DENTISTRY
942 _2ddc
_cBK
999 _c3784
_d3784